LIBRARY & INFORMATION CENTRE, KCAET, TAVANUR

ONLINE PUBLIC ACCESS CATALOGUE (OPAC)

Modern potato and vegetable storage / (Record no. 9928)

MARC details
000 -LEADER
fixed length control field 00524cam a2200205ua 4500
041 ## - LANGUAGE CODE
Language code of text/sound track or separate title eng
082 ## - DEWEY DECIMAL CLASSIFICATION NUMBER
Classification number 664.028
Item number VOL/MO
100 ## - MAIN ENTRY--AUTHOR NAME
Personal name Volkind , I N .
245 ## - TITLE STATEMENT
Title Modern potato and vegetable storage /
250 ## - EDITION STATEMENT
Edition statement 1 /
260 ## - PUBLICATION, DISTRIBUTION, ETC. (IMPRINT)
Place of publication New Delhi :
Name of publisher Amerind Publishing Co Pvt Ltd ,
Year of publication 1983.
300 ## - PHYSICAL DESCRIPTION
Number of Pages 186 ; .
700 1# - ADDED ENTRY--PERSONAL NAME
Personal name Mukhanov, P A .
700 1# - ADDED ENTRY--PERSONAL NAME
Personal name Roslov, N N .
942 ## - ADDED ENTRY ELEMENTS (KOHA)
Koha item type Books
Holdings
Withdrawn status Lost status Damaged status Home library Current library Date acquired Full call number Accession Number Koha item type
      KAUAET KAUAET 02/09/1986 664.028 15624 Books
free website counter